| 000 | 00492pab a2200181 454500 | ||
|---|---|---|---|
| 008 | 180718b2015 xxu||||| |||| 00| 0 eng d | ||
| 100 | _aJoslin, Robert | ||
| 245 | _aNew insights into project management research: a natural sciences comparative | ||
| 260 | _c2015 | ||
| 300 | _ap.73-89. | ||
| 362 | _aApr-May | ||
| 650 | _aNatural sciences | ||
| 650 | _aResearch | ||
| 650 | _aProject management | ||
| 700 | _aMuller, Ralf | ||
| 773 | _aProject Management Journal | ||
| 909 | _a109373 | ||
| 999 |
_c109368 _d109368 |
||